000
00251nam a2200121Ia 4500
008
230901s2013 xx 000 0 und d
041
_a
mar
082
_a
810/APT
100
_a
APATE B
245
_a
DURGESH NANDINI
260
_c
2013
300
_a
200
999
_c
870213
_d
870213